000 00307 a2200157 4500
001 188721
020 _a0-19-424392-3
040 _cMagnum
100 _aHardy-Gould, Janet
240 1 0 _aMulan
_lpor
245 1 0 _aMulan
300 _a44
362 0 _a2004
697 _aLITERATURA INGLESA
942 _cBK
999 _c188721
_d188721